000 00727nam a2200217 a 4500
001 BRCA_471
005 20190320203026.0
008 821218m19791981mx-a---##b---#001-0#spa-#
020 _a9681609557 (Obra completa)
050 4 _aN72.S6
_b.A24 1979
100 1 _aAcha, Juan
_91425
245 1 0 _aArte y sociedad
_bLatinoamérica
_cJuan Acha.
260 _aMéxico
_bFCE
_c1979-1981
300 _a2 v.
_bil.
_c21 cm.
440 0 _aSección de obras de sociología
_91622
500 _aIncluye índice de nombres
504 _aBibliografía: p. 313-315 (v.1)
505 0 _aContenido: v.1. El sistema de producción. -- v.2. El producto artístico y su estructura
650 1 4 _aArte y sociedad
_zLatinoamérica
_91623
942 _2lcc
_cB
999 _c406
_d406